000 00767cam a2200229 a 4500
001 sa 68008591
003 DLC
005 20260227112533.0
008 970826s1966 ce b 000 0 sin
010 _asa 68008591
040 _aDLC
_cDLC
_dDLC
043 _aa-ce---
050 0 0 _aDS489.5
_b.S48
100 1 _aSilvā, Em. Ec. Pīṭar.,
_d1908-
245 1 0 _aSiṃhala mahimaya /
_cEm. Ec. Pīṭar Silvā.
260 _aKoḷamba :
_bGuṇasiri Prakāśakayō ;
_bBedā harinnō, Ăm. Ḍī. Guṇasēna,
_c[1966]
300 _a124, iivx (i.e. xvii) p. ;
_c18 cm.
546 _aIn Sinhalese.
504 _aIncludes bibliographical references (p. 95-124).
520 _aHistory of the people of Ceylon to the 8th cent.
651 0 _aSri Lanka
_xHistory
_yTo 1505.
999 _c82459
_d82459